=LDR 00000nam 2200000 4500 =001 INLIS000000000018139 =005 20130612113325 =008 ***********************************Ind** =035 ##$$0010-061300000018139 =041 ##$$a Ind =082 ##$$a 100 =090 ##$$a 100, Sur f =100 ##$$a Suriasumantri, Jujun S =245 ##$$a Filsfat ilmu, sebuah pengantar populer, Jujun S. Sumantri =260 ##$$a 2001 $b Jakarta =300 ##$$a 384 hlm, ilus, 21 cm =650 ##$$a Filsafat =850 ##$$a NBPNMAT